000 00280nam a2200121Ia 4500
008 241002s9999 xx 000 0 und d
082 _a361.3208 GAN
100 _aGandhi, M.K
245 4 _aThe Art of Living
260 _aBombay:
_c1961
600 _aSocial Sciences
942 _cUC
999 _c18696
_d18696